LEADER 00664nam a2200193 i 4500 001 000000133989 003 CaOOAMICUS 005 20220310170428.0 008 050120n it u000 u ita u 013 $a107051 040 $aSeMil$bita 245 00$aTomo 2. 300 $aXXVIII, P. 1158-2398. 541 0 $aFondo Ciprandi (1E III 155/2) 773 0 $tScritti d'arte del cinquecento.$dMilano ; Napoli : Ricciardi, [1971]$kLetteratura italiana : storia e testi$gTomo2$w()12798 850 $aSeMil 852 $aSeMil$W1$xVenegono$y1$m1E III 155/2$j87772$B87772$CSeMilBibl$Z2$F91816 $81 996 $6245$aTomo 2$9(OLS)http://semarc/title/49331 LEADER 01663nam a2200253 i 4500 001 000000063970 003 CaOOAMICUS 005 20231128112103.0 008 130806s1678 it u000 u lat u 026 $ai.us i-de umi- fode (3) 1678 (R) 040 $aSeMil$bita 100 1 $aMatta, Carlo Felice,$c.$0(OLS)http://semarc/name/32312 245 10$aNovissimus de sanctorum canonizatione tractatus in quinque partes diuisus in quarum prima, veluti apparatu explicantur termini sanctitatis, ... addita in eadem quinta parte plena Instructione pro patrocinantibus causas canonizationum in Curia, & pro formandis earum processibus in partibus. Opera, et studio Caroli Felicis de Matta Cremonensis .. 264 1$aRomae :$bTypis & sumptibus Nicolai Angeli Tinassij,$c1678. 300 $a[12], 530, [34] p. ;$cfol. 500 $aFront. stampato in rosso e nero 500 $aIniz. xilogr. 500 $aSegn.: pg1 A6 A-3Z4 4A6 700 1 $aTinassi, Nicoḷ Angelo,$c.$0(OLS)http://semarc/name/12694 850 $aSeMil 852 $aSeMil$W1$xVenegono$y1$m2L VI 81 FA$j30123$B30123$CSeMilBibl$Z2$F30126 $8I 996 $6245$aNovissimus de sanctorum canonizatione tractatus in quinque partes diuisus in quarum prima, veluti apparatu explicantur termini sanctitatis, ... addita in eadem quinta parte plena Instructione pro patrocinantibus causas canonizationum in Curia, & pro formandis earum processibus in partibus. Opera, et studio Caroli Felicis de Matta Cremonensis ..$9(OLS)http://semarc/title/101141 996 $6264$aRomae :$bTypis & sumptibus Nicolai Angeli Tinassij$9(OLS)http://semarc/publisher/37505